000 00601nam a2200217Ia 4500
999 _c32642
_d32642
003 OSt
005 20210601164142.0
008 160316s1982 xxu||||| |||| 00| 0 eng d
020 _a9780406176028
040 _cn
082 _a340.000000
_bDEN-2
100 _aDenning Lord
245 _aWhat next in the law
260 _aLondon
_bButterworths
_c1982
300 _a352p
_cxiii
365 _b Rs. 250
505 _aTable of contents: PART ONE; PART TWO; PART THREE; PART FOUR; PART FIVE; PART SIX; PART SEVEN; PART EIGHT
650 _a1.Law
700 _a
_a
942 _2ddc
_cBK